| 000 | 00792nam a2200181Ia 4500 | ||
|---|---|---|---|
| 008 | 090124s9999 xx 000 0 und d | ||
| 082 | _b103460 | ||
| 100 | _aजोशी ज. रा. (जगन्नाथ रामचंद्र) | ||
| 245 | _a डॉ.ना.भा.खरे यांचे चरित्र भाग 2 रा | ||
| 250 | _a1 | ||
| 260 | _c1950 | ||
| 300 | _a468 | ||
| 600 | _aजोशी ज. रा. (जगन्नाथ रामचंद्र) | ||
| 630 | _a डॉ.ना.भा.खरे यांचे चरित्र भाग 2 रा | ||
| 700 | _aजोशी ज. रा. (जगन्नाथ रामचंद्र) | ||
| 730 | _a डॉ.ना.भा.खरे यांचे चरित्र भाग 2 रा | ||
| 942 | _cBOOK | ||
| 999 |
_c149552 _d149552 |
||